| Tag |
First Indicator |
Second Indicator |
Subfields |
| LEADER |
00000cam a22000004a 4500 |
| 001 |
in00001663246 |
| 005 |
20151024121156.0 |
| 008 |
010108s2002 ctua b 001 0 eng |
| 010 |
|
|
|a 2001016129
|
| 020 |
|
|
|a 1567204325 (alk. paper)
|
| 035 |
|
|
|a (OCoLC)ocm45791344
|
| 040 |
|
|
|a DLC
|c DLC
|d TXA
|d UtOrBLW
|
| 042 |
|
|
|a pcc
|
| 043 |
|
|
|a a------
|
| 049 |
|
|
|a TXAM
|
| 050 |
0 |
0 |
|a HC412
|b .P83 2002
|
| 082 |
0 |
0 |
|a 338.95
|2 21
|
| 245 |
0 |
0 |
|a Public policy in Asia :
|b implications for business and government /
|c edited by Mukul G. Asher, David Newman, and Thomas P. Snyder.
|
| 264 |
|
1 |
|a Westport, Conn. :
|b Quorum Books,
|c 2002.
|
| 300 |
|
|
|a x, 341 pages :
|b illustrations ;
|c 24 cm.
|
| 336 |
|
|
|a text
|b txt
|2 rdacontent
|
| 337 |
|
|
|a unmediated
|b n
|2 rdamedia
|
| 338 |
|
|
|a volume
|b nc
|2 rdacarrier
|
| 504 |
|
|
|a Includes bibliographical references and index.
|
| 651 |
|
0 |
|a Asia
|x Economic policy.
|
| 700 |
1 |
|
|a Asher, Mukul G.
|
| 700 |
1 |
|
|a Newman, David,
|d 1956 October 25-
|
| 700 |
1 |
|
|a Snyder, Thomas P.
|
| 948 |
|
|
|a cataloged
|b h
|c 2002/2/27
|d c
|e dmitchel
|f 9:32:12 am
|
| 994 |
|
|
|a E0
|b TXA
|
| 999 |
|
|
|a MARS
|
| 999 |
f |
f |
|s 3587f75c-9df8-30a9-b216-7d00d7612578
|i 9541b91e-9b4f-3023-9bfe-5415c0d3b0a3
|t 0
|
| 952 |
f |
f |
|p ric
|a Texas A&M University
|b Rellis Campus
|c Joint Library Facility
|d Remote Storage
|t 0
|e HC412 .P83 2002
|h Library of Congress classification
|i unmediated -- volume
|m A14828473240
|
| 998 |
f |
f |
|a HC412 .P83 2002
|t 0
|l Remote Storage
|